Rossijskije reformy i mirovoj opyt.
Zmeny ekonomickej politiky v rámci monetaristickej koncepcie reformy. Okolnosti, ktoré ovplyvňujú realizáciu monetaristickej koncepcie. Inštitucionálna reorganizácia a komercializácia štátneho sektora. Využitie formy privatizácie šekmi v Rusku. Možnosť využitia skúseností Chile pri veľkej privatizác...
Salvato in:
| Natura: | Capitolo di libro |
|---|---|
| Lingua: | russo |
| Soggetti: | |
| Tags: |
Nessun Tag, puoi essere il primo ad aggiungerne!!
|
MARC
| LEADER | 00000naa a2200000 4500 | ||
|---|---|---|---|
| 001 | r011009 | ||
| 005 | 20221208123330.6 | ||
| 041 | 0 | |a rus | |
| 044 | |a [SU] | ||
| 245 | 1 | 0 | |a Rossijskije reformy i mirovoj opyt. |
| 520 | |a Zmeny ekonomickej politiky v rámci monetaristickej koncepcie reformy. Okolnosti, ktoré ovplyvňujú realizáciu monetaristickej koncepcie. Inštitucionálna reorganizácia a komercializácia štátneho sektora. Využitie formy privatizácie šekmi v Rusku. Možnosť využitia skúseností Chile pri veľkej privatizácii. Potreba vytvorenia banky ekonomickej obnovy. Inštitút verejných prác a nezamestnanosť. Sociálna báza reformy. | ||
| 610 | 2 | 0 | |a reformy hospodárske |
| 610 | 2 | 0 | |a Rusko |
| 610 | 2 | 0 | |a politika hospodárska |
| 610 | 2 | 0 | |a zmeny štruktúrne |
| 610 | 2 | 0 | |a privatizácia |
| 610 | 2 | 0 | |a nezamestnanosť |
| 610 | 2 | 0 | |a koncepcie |
| 610 | 2 | 0 | |a peňažníctvo |
| 610 | 2 | 0 | |a sektor štátny |
| 610 | 2 | 0 | |a politika sociálna |
| 610 | 2 | 0 | |a monetarizmus |